000 00375cam a2200145ua 4500
041 _aeng
_h
082 _a823.308
_bKIN/TI
100 _aKing, Armstrong .
245 _aTime of Green Ginger /
_cArmstrong King.
_hTextual Documents
260 _aMelbourne :
_bMacMillan and Company Limited ,
_c1964.
300 _a346 ; .
504 _a
942 _cBK
999 _c1032
_d1032